| 000 | 00586nam a2200205 a 4500 | ||
|---|---|---|---|
| 001 | BRCA_5677 | ||
| 005 | 20190320205158.0 | ||
| 008 | 180211s1947----gw-a######---#000-0#ger-# | ||
| 041 | _ager | ||
| 044 | _agw | ||
| 050 | 4 |
_aND653 _b.H35 1947 |
|
| 245 | 1 | 0 | _aRembrandt Hermess van Rijn. |
| 260 |
_aMunich _bMunchner Verlag und Graphische Kunstanstalten _c1947 |
||
| 300 |
_a199 p. _bil. (algunas a color), 4 láminas _c26 cm. |
||
| 500 | _aF147 | ||
| 600 | 1 | 4 |
_aRembrandt Harmenszoon van Rijn _d1607-1669 _97357 |
| 650 | 1 | 4 |
_aPintores holandeses _914427 |
| 902 | _aGFM | ||
| 942 |
_2lcc _cB |
||
| 999 |
_c5370 _d5370 |
||